Silpa in Indian tradition : (Record no. 51394)
[ view plain ]
| 000 -LEADER | |
|---|---|
| fixed length control field | 01319nam a22002534a 4500 |
| 005 - DATE AND TIME OF LATEST TRANSACTION | |
| control field | 20110404105041.0 |
| 010 ## - LCCN (DPL NO) | |
| LC control number | B-425041-042 |
| 020 ## - INTERNATIONAL STANDARD BOOK NUMBER | |
| International Standard Book Number | 9788173053542 |
| Terms of availability | 1250.00 |
| 035 ## - SYSTEM CONTROL NUMBER | |
| System control number | B-425041-042 |
| 037 ## - SOURCE OF ACQUISITION | |
| Source of stock number/acquisition | Researchco Book Centre |
| 082 ## - DEWEY DECIMAL CLASSIFICATION NUMBER | |
| Classification number | 730.954 |
| 100 1# - MAIN ENTRY--PERSONAL NAME | |
| Personal name | Misra, R. N. |
| 245 10 - TITLE STATEMENT | |
| Title | Silpa in Indian tradition : |
| Remainder of title | concept and instrumentalities / |
| Statement of responsibility, etc | by R.N. Misra |
| 260 ## - PUBLICATION, DISTRIBUTION, ETC. (IMPRINT) | |
| Name of publisher, distributor, etc | Indian Institute of Advanced Study ; |
| Place of publication, distribution, etc | New Delhi |
| Name of publisher, distributor, etc | Aryan Books International |
| Date of publication, distribution, etc | 2009 |
| 270 ## - ADDRESS | |
| Address | Pooja Apartment, 4B, Ansari Road, Daryaganj |
| City | New Delhi |
| Postal code | 110002 |
| 300 ## - PHYSICAL DESCRIPTION | |
| Extent | x, 218 p. |
| Other physical details | ill. |
| Dimensions | 25 cm(Hb) |
| 504 ## - BIBLIOGRAPHY, ETC. NOTE | |
| Bibliography, etc | Includes bibliographical references and index |
| 650 #0 - SUBJECT ADDED ENTRY--TOPICAL TERM | |
| Topical term or geographic name as entry element | Sculpture, Indic |
| 650 #0 - SUBJECT ADDED ENTRY--TOPICAL TERM | |
| Topical term or geographic name as entry element | Sculptors |
| Geographic subdivision | India |
| 942 ## - ADDED ENTRY ELEMENTS (KOHA) | |
| Source of classification or shelving scheme | Dewey Decimal Classification |
| Item type | English Books |
| Call number suffix | MIS |
| Classification part | 730.954 |
| Withdrawn status | Lost status | Not for loan | Collection code | Home library | Current library | Date acquired | Source of acquisition | Cost, normal purchase price | Full call number | Barcode | Copy number | Cost, replacement price | Koha item type |
|---|---|---|---|---|---|---|---|---|---|---|---|---|---|
| Not For Loan | Reference | Central Library | Central Library | 09/08/2011 | RBC-22386/2010-11/14.3.11/76/4.3.11/23.311 | 1250.00 | 730.954 MIS | B-425041 | 1 | 1250.00 | English Books | ||
| Not For Loan | Reference | Sarojini Nagar | Sarojini Nagar | 09/08/2011 | RBC-22386/2010-11/14.3.11/76/4.3.11/23.311 | 1250.00 | 730.954 MIS | B-425042 | 1 | 1250.00 | English Books |
